| 000 | 00633nam a2200229Ia 4500 | ||
|---|---|---|---|
| 003 | OSt | ||
| 005 | 20230426114121.0 | ||
| 008 | 210423s1992 xx 000 0 und d | ||
| 020 | _a0-7216-5508-4 | ||
| 040 | _cAL | ||
| 041 | _aeng | ||
| 082 |
_a613.28 _223 _bMAHK |
||
| 100 |
_aMAHAN (Kathleen L);ARLIN (Marian T) _993303 |
||
| 245 | _aKrauses food nutrition and diet therapy Ed 8 | ||
| 250 | _a8 | ||
| 260 |
_aPhiladelphia _bW B Saunders Company _c1992 |
||
| 300 |
_axxxvi,933 _bHB |
||
| 365 |
_b8500 _cINR |
||
| 650 |
_aHealth Promotion _993304 |
||
| 906 | _adiet ; food ; Krauses ; nutrition ; therapy | ||
| 942 |
_2ddc _cBK |
||
| 999 |
_c170343 _d170343 |
||